| 000 | 00407nam a2200133Ia 4500 | ||
|---|---|---|---|
| 008 | 151015s9999 xx 000 0 und d | ||
| 020 | _a306414295 | ||
| 050 | _aBF353.H85 1984 | ||
| 250 | _a_Elderly people and the Environment / edited by Irwin Altman | ||
| 300 | _aNew York : Plenium , 1984 | ||
| 500 | _aIncludes index | ||
| 650 | _a_Aged -unted States -Dwellings | ||
| 700 | _a^d20130530 10:29:08^oanne | ||
| 999 |
_c4950 _d4950 |
||